000 00282nam a22001337a 4500
008 170421b xxu||||| |||| 00| 0 eng d
020 _a9780697120632
041 _aeng
080 _a573
100 _a11
101 _aSHM
245 _aBIOTECHNOLOGY
_cPETERS, P
942 _2udc
_cBK
999 _c11506
_d11506